00574 2200217 4500001002100000008004100021035002000062245005600082100001900138250001000157260003800167300002400205020002200229084001600251520001600267520001400283082001000297650002700307990001100334990001100345INLIS000000000014712 ind  a0010-1022000030 a212 Menu Makanan Favorit Dan TrendycReva Divantary aREVA,Divantary acet.1 aDepok :bSenja Media Utama,c2017 aii,241 hlm.c21 cm. a978-602-6563-45-3 a641.5 REV d aBibliografi ahlm 63-64 a641.5 aMAKANAN, RESEP MASAKAN a9601 a a9601 b